Introduction to carbon capture and sequestration / (Record no. 355757)

000 -LEADER
fixed length control field 01483cam a2200349 i 4500
001 - CONTROL NUMBER
control field 17956277
003 - CONTROL NUMBER IDENTIFIER
control field USPCAS-E
005 - DATE AND TIME OF LATEST TRANSACTION
control field 20180118181412.0
008 - FIXED-LENGTH DATA ELEMENTS--GENERAL INFORMATION
fixed length control field 131127s2014 enkab b 001 0 eng
010 ## - LIBRARY OF CONGRESS CONTROL NUMBER
LC control number 2013046563
020 ## - INTERNATIONAL STANDARD BOOK NUMBER
International Standard Book Number 9781783263271 (hardcover : alk. paper)
020 ## - INTERNATIONAL STANDARD BOOK NUMBER
International Standard Book Number 9781783263288 (softcover : alk. paper)
040 ## - CATALOGING SOURCE
Original cataloging agency DLC
Language of cataloging eng
Transcribing agency DLC
Description conventions rda
Modifying agency D LC
042 ## - AUTHENTICATION CODE
Authentication code pcc
050 00 - LIBRARY OF CONGRESS CALL NUMBER
Classification number TP156.S45
Item number S62 2014
082 00 - DEWEY DECIMAL CLASSIFICATION NUMBER
Classification number 660.2842
Edition number 23
Author Mark SMI-I 2014
100 1# - MAIN ENTRY--PERSONAL NAME
Personal name Smit, Berend,
Dates associated with a name 1962-
Relator term author.
245 10 - TITLE STATEMENT
Title Introduction to carbon capture and sequestration /
Statement of responsibility, etc. by Berend Smit (University of California, Berkeley, USA), Jeffrey A. Reimer (University of California, Berkeley, USA), Curtis M. Oldenburg (Lawrence Berkeley National Laboratory, USA), Ian C. Bourg (Lawrence Berkeley National Laboratory, USA).
260 ## - PUBLICATION, DISTRIBUTION, ETC.
Place of publication, distribution, etc. London
Name of publisher, distributor, etc. Imperial college press
Date of publication, distribution, etc. 2014
300 ## - PHYSICAL DESCRIPTION
Extent xv, 580 pages :
Other physical details illustrations some color, color maps ;
Dimensions 23 cm.
490 0# - SERIES STATEMENT
Series statement The Berkeley lectures on energy ;
Volume/sequential designation vol. 1
502 ## - DISSERTATION NOTE
Dissertation note 0
504 ## - BIBLIOGRAPHY, ETC. NOTE
Bibliography, etc. note Includes bibliographical references and index.
650 #0 - SUBJECT ADDED ENTRY--TOPICAL TERM
Topical term or geographic name entry element Carbon sequestration.
650 #0 - SUBJECT ADDED ENTRY--TOPICAL TERM
Topical term or geographic name entry element Separation (Technology)
700 1# - ADDED ENTRY--PERSONAL NAME
Personal name Reimer, Jeffrey A.,
Relator term author.
700 1# - ADDED ENTRY--PERSONAL NAME
Personal name Oldenburg, Curtis M.,
Relator term author.
700 1# - ADDED ENTRY--PERSONAL NAME
Personal name Bourg, Ian C.,
Relator term author.
906 ## - LOCAL DATA ELEMENT F, LDF (RLIN)
a 7
b cbc
c orignew
d 1
e ecip
f 20
g y-gencatlg
942 ## - ADDED ENTRY ELEMENTS (KOHA)
Source of classification or shelving scheme
Koha item type Book
Holdings
Withdrawn status Lost status Source of classification or shelving scheme Damaged status Not for loan Collection code Permanent Location Current Location Shelving location Date acquired Source of acquisition Cost, normal purchase price Total Checkouts Total Renewals Full call number Barcode Date last seen Date last checked out Price effective from Koha item type Copy number
            US-Pakistan Center for Advanced Studies in Energy (USPCAS-E) Central Library (CL)   12/15/2015 Progressive 8440.00 2 1 660.2842 SMI-I 2014 CAS-E0000898 12/13/2024 10/05/2023 12/15/2015 Book  
            US-Pakistan Center for Advanced Studies in Energy (USPCAS-E) US-Pakistan Center for Advanced Studies in Energy (USPCAS-E)   12/15/2015 Progressive 8440.00     660.2842 SMI-I 2014 CAS-E0000899 12/15/2015   12/15/2015 Book 2
© 2023 Central Library, National University of Sciences and Technology. All Rights Reserved.